| 000 | 01511nam2a22002651 4500 | ||
|---|---|---|---|
| 001 | RU\NLR\INFOCOMM18\1000233839 | ||
| 005 | 20250617030637.0 | ||
| 035 | _a(NLR Aleph) 002405425 | ||
| 090 |
_a4672663 _c4672663 |
||
| 100 | _a20050107d1979 |||y0rusy50 ca | ||
| 101 | 0 | _arus | |
| 102 | _aRU | ||
| 105 | _ay ||||||||| | ||
| 200 | 1 |
_aОпыт и проблемы внедрения циклично-поточной технологии на рудных карьерах _fМ.В. Васильев, А. Сисин |
|
| 210 |
_d1979 _aБ. м. |
||
| 461 | 0 |
_1001RU\NLR\INFOCOMM18\1000233827 _12001#$aЦветная металлургия$eОбзор. информ.$iСерия "Горное дело"$fЦНИИ экономики и информ. цв. металлургии. ЦНИИцветмет экономики и информ.$v1979, Вып.12 _94672628 _cМ. _d1979- _fЦНИИ экономики и информ. цв. металлургии. ЦНИИцветмет экономики и информ. _iСерия "Горное дело" _oОбзор. информ. _tЦветная металлургия _v1979, Вып.12 |
|
| 700 | 1 |
_4070 _7ca _8rus _aВасильев _bМ. В. _cд-р техн. наук, горное дело _f1908-1986 _gМихаил Владимирович _9257000 _3RU\NLR\AUTH\770257056 |
|
| 701 | 1 |
_aСисин _bА. _4070 |
|
| 801 | 1 |
_aRU _bInfoComm _c20050107 |
|
| 801 | 0 |
_aRU _bNLR _gPSBO |
|
| 852 |
_aNLR _jП10/5603 |
||
| 942 | _cISSUE | ||
| 980 | _aNB | ||
| 980 | _aRUSPER | ||